IT governance :a manager's guide to data security and BS 7799/ISO 17799 / (Record no. 786)

MARC details
000 -LEADER
fixed length control field 02587cam a22003974a 4500
001 - CONTROL NUMBER
control field 13917344
003 - CONTROL NUMBER IDENTIFIER
control field OSt
005 - DATE AND TIME OF LATEST TRANSACTION
control field 20210414113931.0
008 - FIXED-LENGTH DATA ELEMENTS--GENERAL INFORMATION
fixed length control field 050331s2005 enk b 001 0 eng
010 ## - LIBRARY OF CONGRESS CONTROL NUMBER
LC control number 2005009332
015 ## - NATIONAL BIBLIOGRAPHY NUMBER
National bibliography number GBA525788
Source bnb
016 7# - NATIONAL BIBLIOGRAPHIC AGENCY CONTROL NUMBER
Record control number 013147709
Source Uk
020 ## - INTERNATIONAL STANDARD BOOK NUMBER
International Standard Book Number 0749444142 (hardback)
020 ## - INTERNATIONAL STANDARD BOOK NUMBER
International Standard Book Number 0749443944 (pbk.)
035 ## - SYSTEM CONTROL NUMBER
System control number (OCoLC)ocm58830450
040 ## - CATALOGING SOURCE
Original cataloging agency DLC
Transcribing agency DLC
Modifying agency YDX
-- UKM
-- BAKER
-- DLC
042 ## - AUTHENTICATION CODE
Authentication code pcc
050 00 - LIBRARY OF CONGRESS CALL NUMBER
Classification number QA76.9.A25C342
082 00 - DEWEY DECIMAL CLASSIFICATION NUMBER
Classification number 005.8
Edition number 22
100 1# - MAIN ENTRY--PERSONAL NAME
Personal name Calder, Alan,
Dates associated with a name 1957-
245 10 - TITLE STATEMENT
Title IT governance :a manager's guide to data security and BS 7799/ISO 17799 /
Statement of responsibility, etc. Alan Calder, Steve Watkins.
250 ## - EDITION STATEMENT
Edition statement 3rd ed.
260 ## - PUBLICATION, DISTRIBUTION, ETC.
Place of publication, distribution, etc. London ;
-- Sterling, VA :
Name of publisher, distributor, etc. Kogan Page,
Date of publication, distribution, etc. 2005.
300 ## - PHYSICAL DESCRIPTION
Extent xiv, 368 p. ;
Dimensions 25cm.
504 ## - BIBLIOGRAPHY, ETC. NOTE
Bibliography, etc. note Includes bibliographical references (p. [355]-356) and index.
505 ## - FORMATTED CONTENTS NOTE
Formatted contents note Contents: Introduction: The Information economy -- What is IT governance? -- Information security -- Why is information security necessary?-- The Combined code, the turnbull report and sarbanes-Oxley -- BS 7799 -- Organizing information security -- Information security policy and scope -- The Risk assessment and statement of applicability -- External parties -- Asset management -- Human resources security -- Physical and environmental security -- Equipment security -- Communications and operations management -- Control against malicius software (malware) and back-ups -- Network security management and media handling -- Exchanges of information -- Electronic commerce services -- E-mail and internet use -- Access control -- Network access control -- Operating systems access control -- application access control and teleworking -- Systems acquisition, development and maintenance -- Cryptographic control -- Security in development and support processes -- Monitoring and information security incident management -- Business continuity management -- Compliance -- The BS 7799 audit -- Appendices: Useful websites -- ISO/IEC 17799:2005.
650 #0 - SUBJECT ADDED ENTRY--TOPICAL TERM
Topical term or geographic name entry element Computer security.
650 #0 - SUBJECT ADDED ENTRY--TOPICAL TERM
Topical term or geographic name entry element Data protection.
650 #0 - SUBJECT ADDED ENTRY--TOPICAL TERM
Topical term or geographic name entry element Business enterprises
General subdivision Computer networks
-- Security measures.
700 1# - ADDED ENTRY--PERSONAL NAME
Personal name Watkins, Steve,
Dates associated with a name 1970-
856 41 - ELECTRONIC LOCATION AND ACCESS
Materials specified Table of contents
Uniform Resource Identifier <a href="http://www.loc.gov/catdir/toc/ecip0510/2005009332.html">http://www.loc.gov/catdir/toc/ecip0510/2005009332.html</a>
856 42 - ELECTRONIC LOCATION AND ACCESS
Materials specified Publisher description
Uniform Resource Identifier <a href="http://www.loc.gov/catdir/enhancements/fy0715/2005009332-d.html">http://www.loc.gov/catdir/enhancements/fy0715/2005009332-d.html</a>
906 ## - LOCAL DATA ELEMENT F, LDF (RLIN)
a 7
b cbc
c orignew
d 1
e ecip
f 20
g y-gencatlg
942 ## - ADDED ENTRY ELEMENTS (KOHA)
Source of classification or shelving scheme Library of Congress Classification
Koha item type Books
Holdings
Withdrawn status Lost status Source of classification or shelving scheme Damaged status Not for loan Home library Current library Shelving location Date acquired Total Checkouts Full call number Barcode Date last seen Copy number Price effective from Koha item type
    Library of Congress Classification     WISCONSIN INTERNATIONAL UNIVERSITY COLLEGE, GHANA - MAIN LIBRARY WISCONSIN INTERNATIONAL UNIVERSITY COLLEGE, GHANA - MAIN LIBRARY Reference 27/04/2012   QA76.9.A25C342 1895/12 27/04/2012 1 27/04/2012 Books
    Library of Congress Classification     WISCONSIN INTERNATIONAL UNIVERSITY COLLEGE, GHANA - MAIN LIBRARY WISCONSIN INTERNATIONAL UNIVERSITY COLLEGE, GHANA - MAIN LIBRARY Reference 27/04/2012   QA76.9.A25C3421 1896/12 27/04/2012 2 27/04/2012 Books

If you have any concerns or questions; kindly contact the library


© Powered by WIUC ICT DIRECTORATE